00860nam a22001937a 450000500170000000800410001705000240005811000520008224000450013424501370017924601300031625000110044626000700045730000270052750000240055465000340057865000310061265000230064320241205112032.0110602t mx ||||| |||| 00| 0 spa d04aTA683.42 bC66 19942 aConcrete Reinforcing Steel Institute (Illinois)10aManuals of Standard PracticelEspañol.10aManual de prácticas estándar del acero de refuerzob : espaciamiento, doblez, silletasc / Concrete Reinforcing Steel Institute.14aManual para habilitar acero de refuerzo para el concretob : espaciamiento, doblez, separadores, soportes (silletas y calzas) a1a ed. aMéxico :bInstituto Mexicano del Cemento y del Concreto,c1994. ap. v. :bil. ;c28 cm. aIncluye apéndices 72lembaAcero de construcción 72lembaHormigón reforzado 4aBarras de refuerzo